书目信息 |
| 题名: |
如何用保险为企业护航
|
|
| 作者: | 赵大斌 , 王君 编著 | |
| 分册: | ||
| 出版信息: | 北京 机械工业出版社 2000.07 |
|
| 页数: | 229页 | |
| 开本: | 32开 | |
| 丛书名: | ||
| 单 册: | ||
| 中图分类: | F840.681 | |
| 科图分类: | ||
| 主题词: | 保险 | |
| 电子资源: | ||
| ISBN: | 7-111-08104-8 | |
| 000 | 00608nam0 2200205 45 | |
| 001 | 0011180075 | |
| 005 | 20001220155242.5 | |
| 010 | @a7-111-08104-8@d15.00元 | |
| 100 | @a20001118d2000 km y0chiy0120 ea | |
| 101 | 0 | @achi |
| 105 | @a z 000yy | |
| 200 | 1 | @a如何用保险为企业护航@ARu He Yong Bao Xian Wei Qi Ye Hu Hang@f赵大斌,王君编著@FZhao Da Bin,Wang Jun Bian Zhu |
| 210 | @a北京@c机械工业出版社@d2000.07 | |
| 215 | @a229页@d32开 | |
| 606 | 0 | @a保险 |
| 690 | @aF840.681@v3 | |
| 701 | 0 | @a赵大斌@4编著 |
| 701 | 0 | @a王君@4编著 |
| 801 | @aCN@bPftUser@c20001118 | |
| 905 | @dF840.681@eZH056@b310455-459@f5 | |
| 如何用保险为企业护航/赵大斌,王君编著.-北京:机械工业出版社,2000.07 |
| 229页;32开 |
| ISBN 7-111-08104-8:15.00元 |
| ● |
| 相关链接 |
|
|
|
正题名:如何用保险为企业护航
索取号:F840.681/ZH056
 
预约/预借
| 序号 | 登录号 | 条形码 | 馆藏地/架位号 | 状态 | 备注 |
| 1 | 310455 | 203104559 | 社科库409/409社科库 55排3列2层/ [索取号:F840.681/ZH056] | 在馆 | |
| 2 | 310456 | 203104568 | 社科库409/409社科库 55排3列2层/ [索取号:F840.681/ZH056] | 在馆 | |
| 3 | 310457 | 203104577 | 社科库409/409社科库 55排3列2层/ [索取号:F840.681/ZH056] | 在馆 | |
| 4 | 310458 | 203104586 | 社科库409/409社科库 55排3列2层/ [索取号:F840.681/ZH056] | 在馆 | |
| 5 | 310459 | 203104595 | 社科库409/409社科库 55排3列2层/ [索取号:F840.681/ZH056] | 在馆 |